000 00305nam a2200145Ia 4500
100 _aGhoshal/Subrata
942 _cBK
366 _f20
245 _aDigital Electronics
260 _bCengage Learning
_c2012
082 _a621.3815
_bGHO
300 _a506
546 _aENGLISH
_cPAMPHALETS
999 _c18385
_d18385